000 00687nam a22002297a 4500
003 UA-OsUOA
001 92274
007 ta
008 20121211b un ||||| |||| 00| 0 ukr d
100 _aТичина П.
090 _a821.161.2
_bТ46
942 _cBK
040 _aUA-OsUOA
_bukr
_cUA-OsUOA
_dUA-OsUOA
245 _aВибрані твори в трьох томах
_bТ. 2
_cПоезії
300 _a342 с.
955 _a3
041 _aukr
080 _a821.161.2
260 _aК.
_bДержавне видавництво художньої літератури
_c1957
650 7 _a82 Література. Літературознавство
_2UDC
999 _c378533
_d378533